Statistiques concernant Surnom des sélections de football

Cliquez ici pour prendre le quiz!

Statistiques générales

  • Ce quiz a été pris 1 331 fois
  • Le résultat moyen est 5 sur 12

Statistiques - réponses

HintRéponse% Correct
BelgiqueLes diables rouges
88%
Cote d'IvoireLes élephants
74%
AlgerieLes fennecs
68%
EgypteLes pharaons
52%
CamerounLes lions indomptables
50%
Afrique du SudLes bafana bafana
39%
AngleterreLes trois lions
37%
TunisieLes aigles de Carthage
30%
SenegalLes lions de la Teranga
29%
GhanaBlack stars
25%
NigeriaSuper eagles
17%
TogoLes éperviers
13%

Distribution des résultats

Percentile par nombre de réponses

% des personnes avec chaque résultat

Votre développement - résultats

Vous n’avez pas pris ce quiz